[Event "Seattle Spring Open"]
[Site "?"]
[Date "1991.04.27"]
[Round "1"]
[White "Craig, T."]
[Black "Bailey, B."]
[Result "0-1"]
[WhiteElo "1378"]
[BlackElo "1748"]
[Annotator "Stockfish 12 (20s)"]
[PlyCount "42"]

{C91: Closed Ruy Lopez: 7...d6 8 c3 0-0 9 d4} 1. e4 e5 2. Nf3 Nc6 3. Bb5 a6 4.
Ba4 Nf6 5. O-O Be7 6. Re1 b5 7. Bb3 O-O 8. c3 d6 9. d4 Bg4 10. Qd3 Bxf3 11. d5
$4 $146 (11. gxf3 Na5 (11... Nh5 12. f4 exd4 13. Bd5 Qd7 14. e5 Qg4+ 15. Kh1
Bh4 16. Rg1 Nxf4 17. Qe4 Qxg1+ 18. Kxg1 Nxd5 19. Qxd5 Nxe5 20. cxd4 c6 21. Qb3
Ng6 22. Be3 Rfe8 23. Nd2 Rac8 24. Qa3 f5 25. Nf3 f4 26. Nxh4 {
Mangini,J-Vasconcellos,F Rio de Janeiro 1950 1-0}) (11... Qd7 12. f4 exf4 13.
Bxf4 Qg4+ 14. Qg3 Qxg3+ 15. hxg3 Rad8 16. Nd2 Rfe8 17. Nf3 Na5 18. Bc2 c5 19.
Rad1 Nc4 20. Bc1 Nd7 21. Kg2 {1/2-1/2 (21) Szymanski,A-Witkowski,S Krakow 1953}
) 12. Bc2 Nh5 13. a4 Bg5 14. Be3 Bf4 15. Nd2 Nc4 16. b3 Nxd2 17. Qxd2 Qh4 18.
Bxf4 Nxf4 19. Kh1 Qh3 {0-1 (19) Talvik,E-Romanovsky,A St Petersburg 1905}) (11.
Qxf3 exd4 12. Bf4 Qd7 13. a4 Ne5 14. Bxe5 dxe5 15. cxd4 Qxd4 16. Nc3 c6 17.
Rad1 Qb6 18. axb5 axb5 19. Rd3 Rad8 20. Red1 Rxd3 21. Rxd3 Rd8 22. h3 g6 23. g4
h6 24. Kg2 Kg7 25. Kg3 Rxd3 {
Ciuha,J (1938)-Timoscenko,G (2504) Feffernitz 2004 0-1 (43)}) (11. gxf3 $142
Na5 12. f4 Nxb3 13. axb3 $15) 11... Bxe4 $19 12. Rxe4 Nxe4 13. Qxe4 (13. dxc6
Nc5 14. Qd5 Qc8 $19) 13... Na5 14. Bc2 (14. Na3 f5 15. Qe2 Bg5 $19) 14... f5
15. Qe2 Nc4 (15... Bg5 16. Na3 Bxc1 17. Rxc1 $19) 16. b3 (16. Nd2 Bg5 17. Nxc4
bxc4 18. Qxc4 e4 $19) 16... Nb6 17. c4 bxc4 18. bxc4 c6 $1 19. a4 (19. dxc6 Qc7
{Decoy}) 19... cxd5 20. cxd5 Qc7 21. Nd2 (21. Na3 e4 22. a5 $19) 21... Qxc2 (
21... Qxc2 22. Qe1 Nxa4 $19) 0-1

[Event "Seattle Spring Open"]
[Site "?"]
[Date "1991.04.27"]
[Round "2"]
[White "Bailey, B."]
[Black "Wing, S."]
[Result "1-0"]
[WhiteElo "1748"]
[BlackElo "1554"]
[Annotator "Stockfish 12 (20s)"]
[PlyCount "93"]

{B05: Alekhine's Defence: 4 Nf3 Bg4} 1. e4 Nf6 2. e5 Nd5 3. d4 d6 4. c4 Nb6 5.
exd6 exd6 6. Nf3 Bg4 7. Be2 Be7 8. O-O O-O 9. b3 Bf6 (9... Nc6 10. Bb2 Bf6 11.
h3 (11. Nbd2 Re8 12. Re1 a5 13. a3 g6 14. Qc2 Bf5 15. Bd3 Rxe1+ 16. Rxe1 Bxd3
17. Qxd3 d5 18. c5 Nd7 19. Qb5 Rb8 20. Ne5 Ncxe5 21. dxe5 c6 22. Qe2 Bg7 23.
Bd4 Nf8 24. Nf3 Ne6 25. Qe3 Qe7 {
Romano,Z (1767)-Molteni,C (1986) Monza 2005 0-1 (53)}) 11... Bh5 12. Na3 Re8
13. Nc2 h6 14. Ne3 Qd7 15. Qd2 Ne7 16. Ne5 dxe5 17. Bxh5 Bg5 18. d5 c6 19. d6
g6 20. Bg4 Nf5 21. Rad1 Rad8 22. Bxf5 gxf5 23. Qd3 f4 24. Ng4 {
Vijiila,C (2400)-Jiroveanu,G (2225) Herculane 1998 1/2-1/2 (53)}) 10. Bb2 N8d7
11. Nc3 $146 (11. Qc2 Re8 12. Nc3 Nf8 13. Ne4 Nbd7 14. Rfe1 Ng6 15. h3 Bf5 16.
Bd3 Bxe4 17. Bxe4 c6 18. Re3 Ndf8 19. Rae1 Qc7 20. Bxg6 Rxe3 21. Bxh7+ Nxh7 22.
Rxe3 Nf8 23. Qe2 Qa5 24. a3 Qf5 25. Qd3 Qxd3 {
Zednik,Z (1750)-Prib,J (1870) Klatovy 1997 0-1 (64)}) 11... g6 (11... Bh5 $142
$5 $14) 12. h3 $16 Bxf3 13. Bxf3 (13. gxf3 $143 Bg7 14. f4 Qh4 $17) 13... Rb8
14. Qd2 (14. Bc1 Bg5 $16) 14... Bg7 $16 15. Rfe1 Nf6 16. Re2 Qd7 (16... Re8 $5
$16) 17. Rae1 $18 Rfe8 18. Ne4 (18. Rxe8+ $142 $5 Nxe8 19. a4 $18) 18... Nxe4
$14 19. Rxe4 (19. Bxe4 c6 $14) 19... Rxe4 $11 20. Bxe4 c6 21. Bf3 Re8 (21... d5
22. Qa5 dxc4 23. Qxa7 $11) 22. Re2 (22. Rxe8+ Qxe8 23. Qa5 Nd7 $11) 22... Re7
23. a4 Qe8 (23... Rxe2 24. Qxe2 h5 25. a5 $11) 24. Kf1 (24. Rxe7 $5 Qxe7 25. a5
$14) 24... Rxe2 $11 25. Qxe2 Qxe2+ (25... Qd7 $142 $5 $11) 26. Kxe2 $16 Kf8 $4
(26... a6 27. a5 Nc8 28. Kd3 $16) 27. Kd3 (27. a5 $142 Nd7 28. a6 bxa6 29. Bxc6
$18) 27... Ke7 (27... a6 28. Bc3 $16) 28. a5 Na8 $4 (28... Nd7 $142 29. b4 a6
$16) 29. a6 $1 $18 bxa6 30. Bxc6 Nc7 31. Bc1 Ne6 32. Be3 f5 33. f3 Bf6 (33...
a5 34. Bb7 $18) 34. b4 Kd8 35. Bb7 (35. d5 $142 Kc7 36. Be8 $18) 35... Nc7 (
35... g5 36. g4 Nf4+ 37. Bxf4 gxf4 38. gxf5 Bh4 39. Bxa6 Be1 $18) 36. d5 Bb2 (
36... Bh4 37. Kd2 $18) 37. Bxa7 Ba3 (37... Be5 38. Bb6 $18) 38. Kc3 Bc1 (38...
Ke7 39. Be3 $18) 39. Bf2 (39. Bb6 Kd7 $18) 39... Bg5 (39... Bf4 40. Bb6 $18)
40. Bg3 (40. Bb6 Be7 $18) 40... Bf6+ (40... Kd7 41. Bc6+ Ke7 42. Bf2 $18) 41.
Kb3 Kd7 (41... Be7 42. Bf2 $18) 42. Be1 (42. Bc6+ $142 $5 Ke7 43. c5 Kd8 44.
Bxd6 Kc8 $18) 42... Bd4 (42... Bg5 43. Ka4 $18) 43. Ka4 (43. Bd2 $142 Bf6 $18)
43... Bb6 (43... Bf6 44. Bg3 g5 45. Bc6+ Ke7 46. Bf2 $18) 44. Bd2 Kd8 (44... h6
45. Bxh6 Kd8 46. Bc6 $18) 45. Bf4 Kd7 (45... Nxd5 46. Bxd5 Kd7 47. Bb7 $18) 46.
Bc6+ Ke7 47. c5 $1 (47. c5 dxc5 48. d6+ Ke6 49. bxc5 $18) 1-0

[Event "Seattle Spring Open"]
[Site "?"]
[Date "1991.04.27"]
[Round "3"]
[White "Bailey, B."]
[Black "Stewart, T."]
[Result "1/2-1/2"]
[WhiteElo "1748"]
[BlackElo "1795"]
[Annotator "Stockfish 12 (15s)"]
[PlyCount "80"]

{B76: Sicilian Dragon: Yugoslav Attack, 9 g4 and 9 0-0-0} 1. e4 c5 2. Nf3 d6 3.
d4 cxd4 4. Nxd4 Nf6 5. Nc3 g6 6. Be3 Bg7 7. f3 Nc6 8. Qd2 O-O 9. O-O-O Nxd4 10.
Bxd4 Be6 11. Nd5 Bxd5 12. exd5 Qc7 13. g4 Rac8 (13... Rfc8 14. Bc3 Rab8 15. h4
b5 16. Bh3 b4 17. Bd4 Nxd5 18. Bxg7 Kxg7 19. h5 Ne3 20. h6+ Kf8 21. Kb1 Nxd1
22. Rxd1 Qc5 {0-1 (22) Ma,B (1559)-Smolkina,M (1736) Norderstedt 2005}) 14. Kb1
$146 (14. c3 Qa5 15. g5 Nh5 16. Bxg7 Nxg7 17. Kb1 e5 18. dxe6 fxe6 19. Bh3 Rxf3
(19... Rc6 20. Qe3 d5 21. Rd4 Qc7 22. f4 h5 {
1/2-1/2 (22) Varga,Z (2564)-Cebalo,M (2482) Rabac 2004}) 20. Bg4 Rf7 21. h4 d5
22. h5 gxh5 23. Bxh5 Nxh5 24. Rxh5 Qa4 25. Rh6 Qe4+ 26. Ka1 Rcf8 27. g6 Rf2 28.
gxh7+ Kh8 {Timman,J (2585)-Sosonko,G (2575) Wijk aan Zee 1978 1/2-1/2 (33)}) (
14. Bc3 Qc5 15. g5 Nd7 16. Bxg7 Kxg7 17. Bh3 Rc7 18. Bxd7 Rxd7 19. h4 e6 20.
Qf4 exd5 21. h5 d4 22. hxg6 fxg6 23. Rxh7+ Kxh7 24. Qxf8 Qxg5+ 25. Kb1 Qh4 26.
b3 Re7 27. f4 Re1 {1/2-1/2 (27) Moskvitch,A-Djerkovic,M (2243) Toronto 2000}) (
14. c3 $142 Qa5 15. g5 $14) 14... a6 $4 (14... Bh6 15. Qc3 Nxd5 16. Qxc7 Rxc7 (
16... Nxc7 $143 17. Bxa7 Ra8 18. Bb6 $16) 17. Bxa7 Nc3+ 18. bxc3 b6 $15) 15. c3
(15. c4 b5 16. cxb5 Ne4 17. fxe4 Bxd4 18. bxa6 Be3 $18) 15... Qa5 16. Be3 Rc7 (
16... e6 17. dxe6 fxe6 18. Qxd6 Rc6 $16) 17. c4 (17. h4 $142 $5 Rfc8 18. Rh2
$18) 17... Qxd2 $16 18. Rxd2 Nd7 19. b3 (19. f4 Rb8 $16) 19... Ne5 (19... Re8
$5 $14) 20. Be2 $16 Nd7 21. g5 (21. h4 Re8 $14) 21... Rb8 (21... a5 22. Rc2
Rfc8 23. Rd1 $16) 22. Bd4 (22. h4 $5 $16) 22... b5 (22... h6 23. h4 $11) 23.
Bxg7 (23. cxb5 axb5 24. h4 Bxd4 25. Rxd4 Rc3 $11) 23... Kxg7 $11 24. Rc2 (24.
cxb5 axb5 25. Rd4 b4 $11) 24... bxc4 25. Rhc1 $2 (25. Rxc4 Nc5 26. Kb2 h6 $15)
25... Nc5 $4 (25... Nb6 $142 $5 26. Bxc4 a5 $19) 26. Bxc4 (26. Rxc4 h6 27. f4
a5 $15) 26... Rcb7 (26... a5 $5 $17) 27. Re2 $15 a5 28. Rce1 Kf8 29. Kc2 a4 30.
Re3 Rb4 (30... Rc8 $5 31. Kd2 Rcb8 $17) 31. Rxe7 $11 axb3+ 32. Bxb3 $4 (32.
axb3 Nxb3 33. Bxb3 Rxb3 34. Re8+ Kg7 35. Rxb8 Rxb8 $11) 32... Ne6 (32... Rc8
$142 33. Kd2 Rd4+ 34. Ke3 Rh4 $19) 33. dxe6 $11 Kxe7 34. exf7+ Kf8 35. Re4 Rxe4
36. fxe4 Rb4 $4 (36... Ke7 37. a4 Ra8 38. Kc3 $11) 37. Kd3 (37. Bd5 $142 $18)
37... Ke7 38. Ke3 Kf8 39. Kf4 Rd4 40. h4 Rb4 1/2-1/2

[Event "Seattle Spring Open"]
[Site "?"]
[Date "1991.04.28"]
[Round "4"]
[White "Porter, L."]
[Black "Bailey, B."]
[Result "0-1"]
[WhiteElo "1778"]
[BlackElo "1748"]
[Annotator "Stockfish 12 (20s)"]
[PlyCount "66"]

{D00: 1 d4 d5: Unusual lines} 1. d4 d5 2. e4 dxe4 3. Nc3 Nf6 4. f3 exf3 5. Qxf3
c6 6. Bd3 Bg4 7. Qf2 e6 (7... Nbd7 8. Nf3 Qc7 9. O-O e6 10. Bg5 Bd6 11. Ne4
Nxe4 12. Bxe4 f6 13. Bh4 O-O-O 14. c4 Rdf8 15. c5 Bf4 16. b4 g5 17. Bg3 Bxg3
18. hxg3 f5 19. Bd3 h6 20. b5 f4 21. bxc6 Qxc6 22. Qb2 {
Hardersen,S (1440)-Bjornstad,L (1474) Vadsjo 2006 1-0 (33)}) 8. Nge2 (8. Nf3
Bxf3 9. Qxf3 Bb4 10. Bd2 Nd5 11. O-O O-O 12. Qh5 f5 13. g4 Nf6 14. Qh3 Qxd4+
15. Be3 Qxg4+ 16. Qxg4 Nxg4 17. Bf4 Nd7 18. Rae1 e5 19. Bg3 Bc5+ 20. Kh1 f4 21.
Bh4 Ne3 22. Rf3 Nf5 {
Aparicio Garcia,E (2154)-Aguera Naredo,J (2369) Oviedo 2005 0-1 (59)}) 8...
Bxe2 9. Bxe2 $146 (9. Nxe2 Nbd7 (9... Bd6 10. Bg5 Ne4 11. Qxf7+ Kxf7 12. Bxd8
Rxd8 13. Bxe4 Kg8 14. O-O-O Nd7 15. g3 e5 16. d5 Nf6 17. Bf5 cxd5 18. Be6+ Kf8
19. Bxd5 Nxd5 20. Rxd5 Bc7 21. Nc3 Rxd5 22. Nxd5 Bd6 23. Rf1+ Ke8 24. Ne3 {
Engel,K-Niehaus,S (2165) Germany 1997 0-1 (39)}) 10. Bd2 Qc7 11. O-O-O Nb6 12.
Ba5 O-O-O 13. c4 c5 14. Kb1 Qc6 15. g4 h6 16. b4 cxb4 17. c5 Qa4 18. cxb6 Qxa5
19. d5 Qxb6 20. Qxb6 axb6 21. dxe6 fxe6 22. Nf4 Nxg4 23. Nxe6 Nf2 {
Pupols,V-Penquite,J Seattle 1982 1/2-1/2 (38)}) (9. Nxe2 Nbd7 10. O-O Bd6 $17)
9... Nbd7 10. O-O Be7 11. Bg5 $2 (11. Bd3 $5 $17) 11... O-O (11... Qb6 12. Rad1
$17) 12. Bd3 (12. Be3 Nd5 13. Nxd5 cxd5 $17) 12... h6 $19 13. Bxf6 $2 (13. Bc1
$142 c5 14. Qg3 $19) 13... Nxf6 (13... Bxf6 $6 14. Ne4 $19) 14. h3 (14. Kh1 Qb6
15. Ne4 Nxe4 16. Bxe4 Rad8 $19) 14... Qc7 (14... Qb6 15. Ne2 $19) 15. Ne2 c5
16. c3 Rad8 17. Qh4 (17. Qe3 $19) 17... Nd5 (17... Qb6 $142 18. b3 cxd4 19.
cxd4 Nd5 $19) 18. Qe4 $11 g6 19. Rxf7 Rxf7 20. Qxg6+ Rg7 (20... Kf8 $5 21.
Qxh6+ Ke8 $11) 21. Qxe6+ $11 Kh8 $4 (21... Rf7 $142 22. Qg6+ Kf8 23. Qxh6+ Kg8
24. Qg6+ Kf8 25. Qh6+ Kg8 26. Qg6+ Kf8 27. Qh6+ $11) 22. Qxh6+ $18 Kg8 23. Qe6+
(23. Bf5 $142 $5 Rf7 24. Be6 Bf6 $18) 23... Kh8 24. Rf1 (24. Qh6+ $142 Kg8 25.
Bf5 $18) 24... Qd6 $19 25. Qf5 (25. Qxd6 Bxd6 26. Rf3 Re7 $19) 25... Qh6 (25...
Rxg2+ $142 $1 26. Kxg2 Ne3+ 27. Kh1 Nxf5 28. Rxf5 Qc6+ 29. Kg1 c4 30. Rh5+ Kg7
$19) 26. Nf4 Nxf4 27. Rxf4 (27. Qxf4 Qxh3 28. Qh2 Qxh2+ 29. Kxh2 cxd4 30. Rf3
$19) 27... Rf8 28. Qxf8+ Bxf8 29. Rxf8+ Rg8 30. Rf7 (30. Rxg8+ Kxg8 31. Bf1
Qe3+ 32. Kh2 cxd4 33. cxd4 Qf4+ 34. Kg1 Qxd4+ 35. Kh2 Qxb2 36. Kg3 $19) 30...
Qxh3 (30... Qe3+ 31. Kh1 Qxd3 32. Rf4 Qb1+ 33. Kh2 Qe1 34. Rg4 Rf8 35. Rg5 Rf1
36. Rh5+ Kg7 37. Rg5+ Kf6 38. Rf5+ Kxf5 39. g4+ Kf4 40. a3 Qd2#) 31. Rh7+ $19
Qxh7 32. Bxh7 Kxh7 33. d5 c4 (33... c4 34. b3 cxb3 35. axb3 Rg3 $19) 0-1

[Event "Seattle Spring Open"]
[Site "?"]
[Date "1991.04.28"]
[Round "5"]
[White "Bailey, B."]
[Black "Van Eaton, J."]
[Result "1/2-1/2"]
[WhiteElo "1748"]
[BlackElo "1787"]
[Annotator "Stockfish 12 (15s)"]
[PlyCount "54"]

{B16: Caro-Kann: Bronstein-Larsen Variation} 1. e4 c6 2. d4 d5 3. Nc3 dxe4 4.
Nxe4 Nf6 5. Nxf6+ gxf6 6. Nf3 Bf5 7. Bd3 Bg6 8. Bxg6 hxg6 9. Qe2 (9. Qd3 Na6
10. Bd2 Qd7 11. O-O-O O-O-O 12. Ba5 Nc7 13. Bxc7 Qxc7 14. Qc4 e6 15. g3 c5 16.
d5 Qd6 17. Qa4 Kb8 18. c4 e5 19. Rhe1 Bg7 20. h4 f5 21. Kb1 e4 22. Ng5 Rd7 23.
Nh3 a6 {Simic,S (2200)-Chandler,M (2530) Vrsac 1981 0-1 (40)}) (9. b3 e6 10.
Bb2 Nd7 11. Qd3 Bh6 12. Nd2 Qc7 13. h3 O-O-O 14. O-O-O e5 15. Kb1 f5 16. Nc4 e4
17. Qe2 Rhe8 18. d5 c5 19. Ne3 Bf4 20. c4 Be5 21. g3 Bxb2 22. Qxb2 Qe5 23. Qd2
Qd6 {Mattern,A-Schwarz,J Germany 2002 1/2-1/2 (41)}) 9... Qc7 $146 (9... e6 10.
Bd2 Nd7 11. O-O-O Qc7 12. Bc3 O-O-O 13. h3 Nb6 14. Ba5 Rh5 15. Bxb6 Qxb6 16.
Rd3 Qa6 17. a3 Ra5 18. Re3 Bh6 19. Qxa6 Rxa6 20. g4 Bxe3+ 21. fxe3 g5 22. Nd2
Rh8 23. Ne4 Rh6 24. c4 {Bussjaeger,J-Peter,C (2200) Regensburg 1998 0-1 (38)})
(9... Na6 10. a3 $11) 10. g3 e6 11. Bf4 (11. h4 Be7 $11) 11... Bd6 12. Bxd6
Qxd6 13. O-O-O Na6 (13... Nd7 14. Nd2 $11) 14. c3 (14. Nd2 O-O-O $14) 14...
O-O-O 15. h4 Nc7 16. Kb1 Nd5 (16... c5 17. Rhe1 $11) 17. Nd2 Qc7 18. Rc1 (18.
c4 Nb6 19. c5 Nd5 $14) 18... Kb8 (18... e5 19. c4 Ne7 20. d5 $11) 19. Nb3 (19.
Rcd1 e5 $11) 19... Qe7 (19... e5 20. a3 $11) 20. Rce1 f5 21. Nc5 Qf6 (21... Qc7
22. Rd1 $14) 22. Nd3 Nb6 23. Qe5+ (23. a3 Nc4 $14) 23... Qxe5 $11 24. Nxe5 Rhf8
25. Kc2 Nd7 26. Nxd7+ Rxd7 27. Re2 Rh8 1/2-1/2

[Event "SCC Swiss"]
[Site "?"]
[Date "1991.05.03"]
[Round "1"]
[White "Orum, C."]
[Black "Bailey, B."]
[Result "1-0"]
[WhiteElo "1931"]
[BlackElo "1748"]
[Annotator "Stockfish 12 (15s)"]
[PlyCount "21"]

{C91: Closed Ruy Lopez: 7...d6 8 c3 0-0 9 d4} 1. e4 e5 2. Nf3 Nc6 3. Bb5 a6 4.
Ba4 Nf6 5. O-O Be7 6. Re1 b5 7. Bb3 O-O 8. d4 (8. a4 b4 $14) 8... d6 (8... Nxd4
9. Nxd4 exd4 10. e5 $11 (10. Qxd4 $4 c5 11. Qd1 c4 $19)) 9. c3 Bg4 10. Be3 Nxe4
(10... exd4 $5 11. cxd4 Na5 $14 (11... Nxe4 $4 12. Qc2 $18)) 11. Bd5 $16 (11.
Bd5 Qd7 12. Bxe4 $16) 1-0

[Event "SCC Swiss"]
[Site "?"]
[Date "1991.05.24"]
[Round "2"]
[White "Bailey, B."]
[Black "Kenny, J."]
[Result "1-0"]
[WhiteElo "1748"]
[BlackElo "1930"]
[Annotator "Stockfish 12 (20s)"]
[PlyCount "69"]

{B45: Sicilian Four Knights} 1. e4 c5 2. Nf3 e6 3. d4 cxd4 4. Nxd4 Nf6 5. Nc3
Nc6 6. Nxc6 bxc6 7. e5 Nd5 8. Nxd5 cxd5 9. Be2 (9. Be3 Rb8 10. Bd4 Qc7 11. Be2
d6 12. f4 dxe5 13. fxe5 Bc5 14. b3 Rb4 15. c3 Bxd4 16. cxb4 Qc3+ {
0-1 (16) Kovacs,L (2185)-Borsavolgyi,T (2300) Debrecen 1998}) 9... d6 (9... Qc7
10. Bf4 Bc5 11. c3 Bb7 12. Bf3 a5 13. g3 a4 14. Kf1 g6 15. Kg2 h5 16. h4 Bb6
17. Bd2 Bc6 18. Re1 Qb7 19. Rb1 Rc8 20. b3 Qa7 21. Qe2 Bc5 22. b4 Bb6 23. b5
Ba8 24. Rb4 {Kardasz,W (1911)-Tatarczak,J (2130) Olsztyn 2005 1/2-1/2}) 10.
exd6 Bxd6 11. Be3 $146 (11. O-O O-O 12. c4 Qc7 13. cxd5 Bxh2+ 14. Kh1 exd5 15.
Qxd5 Bb7 16. Qh5 Be5 17. Be3 Bxb2 18. Rab1 Bf6 19. Rfc1 Qd7 20. Bg4 Qd5 21. Qh3
Qxg2+ 22. Qxg2 Bxg2+ 23. Kxg2 a6 24. Rb6 Rfb8 25. Rcb1 Rxb6 {
Lanneau,B (2121)-Tyshler,L Dos Hermanas 2004 1-0}) 11... O-O 12. O-O Bb7 13.
Bf3 $2 (13. c3 a5 $15) 13... f5 $4 (13... Qb8 $142 $19) 14. Re1 $11 g5 $2 (
14... Qc7 15. h3 Rad8 16. Bg5 $11 (16. Bxa7 e5 17. c3 Qa5 $17)) 15. Bd4 $4 (15.
c4 $142 $16) 15... Qe7 $4 (15... g4 $142 $5 16. Bxg4 e5 17. Bxe5 Bxe5 18. Rxe5
fxg4 19. Qxg4+ Kh8 $11) 16. g3 (16. Qe2 $142 Rae8 17. Bh5 $18) 16... Rae8 (
16... f4 17. c3 $16) 17. Bh5 Rd8 (17... Rc8 $5 18. Qd2 h6 $16) 18. Qe2 $18 Bc8
19. Bf3 (19. c3 a5 $18) 19... Qf7 (19... g4 $142 $5 20. Bg2 h5 $14) 20. Rad1 g4
21. Bg2 h5 22. f4 (22. c4 $142 $5 f4 23. Qc2 $16) 22... h4 $14 23. c3 (23. a3
Rfe8 $16) 23... h3 24. Bf1 Qc7 (24... a5 $5 $14) 25. Qe3 Bd7 26. Be5 (26. b4
$142 $5 $16) 26... Rb8 27. Bxd6 Qxd6 28. b3 (28. Qxa7 Rxb2 29. c4 Rc8 $11)
28... Rfc8 29. c4 Re8 (29... Rc5 $5 $11) 30. cxd5 $14 exd5 31. Qd4 (31. Qxa7
$142 $5 Rxe1 32. Rxe1 $16) 31... Rxe1 $14 32. Rxe1 Rb4 $4 (32... Re8 $142 33.
Rxe8+ Bxe8 $11) 33. Qxa7 (33. Bc4 $142 Qb6 34. Bxd5+ Kf8 35. Qxb6 Rxb6 $18 (
35... axb6 $4 36. Rd1 $18)) 33... Rb6 (33... Re4 34. Rc1 Kf7 $18) 34. Qa5 $4 (
34. Kf2 $142 $18) 34... Ra6 $4 (34... Rc6 $142 35. Bd3 Kf7 $14) 35. Bxa6 $18 (
35. Bxa6 Be6 36. Bd3 $18) 1-0

[Event "Washington Open"]
[Site "?"]
[Date "1991.05.25"]
[Round "1"]
[White "Brown, R."]
[Black "Bailey, B."]
[Result "1-0"]
[WhiteElo "1510"]
[BlackElo "1751"]
[Annotator "Stockfish 12 (20s)"]
[PlyCount "81"]

{C95: Closed Ruy Lopez: Breyer Variation with 10 d4} 1. e4 e5 2. Nf3 Nc6 3. Bb5
a6 4. Ba4 Nf6 5. O-O Be7 6. Re1 b5 7. Bb3 O-O 8. c3 d6 9. h3 Nb8 10. d4 Nbd7
11. a4 Bb7 12. Nbd2 c5 13. dxe5 (13. Bc2 Qc7 14. d5 c4 15. Nf1 Nc5 16. Ng3 Rfe8
17. Bg5 h6 18. Be3 Bf8 19. Qd2 Rab8 20. Nh2 Bc8 21. axb5 axb5 22. Rf1 Rb7 23.
Qe2 g6 24. f4 exf4 25. Rxf4 Nfd7 26. Raf1 Ne5 27. Qd2 Qd8 {
Fedorowicz,J (2505)-Campora,D (2500) Wijk aan Zee 1989 0-1 (77)}) 13... Nxe5 (
13... dxe5 14. Qe2 c4 15. Bc2 Qc7 16. Nf1 Nc5 17. Ng3 Rad8 18. axb5 axb5 19.
Bg5 h6 20. Be3 Nd3 21. Red1 Nxe4 22. Nf5 Nec5 23. Nh2 Bc8 24. Nxe7+ Qxe7 25. b4
Nb7 26. Bxd3 cxd3 27. Rxd3 Rxd3 28. Qxd3 {
Ross,C (2133)-Parker,R (2105) West Bromwich  2004 1/2-1/2 (51)}) 14. Nxe5 dxe5
15. Bc2 c4 $146 (15... Qc7 16. b4 c4 17. Qe2 Rad8 18. Bb2 Bd6 19. Nf1 Rfe8 20.
Qf3 Bc8 21. Ne3 Be6 22. Rad1 h6 23. Rd2 Nh7 24. Red1 f6 25. Nd5 Bxd5 26. Rxd5
Ng5 27. Qf5 Nf7 28. R1d2 Qe7 29. Bd1 Bc7 30. Rd7 {
Sips,J (1994)-Timmermans,G (1786) Brasschaat 2002 1-0 (43)}) 16. b3 (16. Qf3
Qd6 $11) 16... Qc7 (16... cxb3 $142 $5 17. Bxb3 Qc7 $15) 17. bxc4 $14 bxc4 18.
Qf3 (18. Qe2 a5 $14) 18... Rfd8 (18... Bc8 19. Nf1 $11) 19. Nf1 a5 20. Rb1 Nd7
(20... Rab8 21. Qe2 $14) 21. Be3 (21. Ne3 $5 $16) 21... Nc5 $11 22. Red1 (22.
Qe2 Nb3 $11 (22... Bxe4 $4 23. Bxe4 Nxe4 24. Bb6 Nxc3 25. Qf3 $18)) 22... Ba6 (
22... Rxd1 23. Rxd1 Ra6 24. Nd2 $15) 23. Qg3 (23. Rd5 $142 $14) 23... Nd3 $4 (
23... Rxd1 $142 24. Rxd1 Nd3 $11) 24. Bb6 $18 Qc6 (24... Qd7 25. Bxd8 Rxd8 26.
Bxd3 cxd3 27. Qxe5 $18) 25. Bxd8 Rxd8 26. Bxd3 cxd3 27. Qxe5 Qc5 28. Qxc5 Bxc5
29. Rd2 (29. Rb3 g6 $18) 29... f6 (29... Kf8 30. Rdb2 $18) 30. Nh2 Re8 31. Re1
(31. Nf3 Rxe4 32. Ne1 Be7 33. Nxd3 Rxa4 $18) 31... f5 (31... Rc8 32. Rb1 Ba7
$18) 32. e5 Rb8 (32... Rc8 33. Rb1 $18) 33. e6 (33. Nf3 $5 Be7 34. e6 Re8 $18)
33... Kf8 34. Re5 (34. Nf3 $142 Rb3 35. Nd4 Rxc3 36. Nxf5 Be7 $18) 34... Ba3 (
34... Rb1+ 35. Nf1 Bb6 36. Rxf5+ Ke7 37. Rf7+ Kxe6 38. Rxg7 Bd8 $18) 35. Rxf5+
Ke7 36. Rxa5 Bc4 (36... Rb6 37. Nf3 Rb1+ 38. Kh2 $18) 37. Nf1 Rb1 38. Ra7+ Kxe6
39. Rxg7 Re1 (39... Rc1 40. Rc7 Kd5 41. Rxh7 $18) 40. Rg3 Bc1 41. Rdxd3 (41.
Rdxd3 Bxd3 42. Rxd3 $18) 1-0

[Event "Washington Open"]
[Site "?"]
[Date "1991.05.25"]
[Round "2"]
[White "Bailey, B."]
[Black "Barnhill, D."]
[Result "1-0"]
[WhiteElo "1751"]
[BlackElo "1488"]
[Annotator "Stockfish 12 (20s)"]
[PlyCount "135"]

{C40: Latvian and Elephant Gambits} 1. e4 e5 2. Nf3 d5 3. exd5 e4 4. Nd4 Qxd5
5. Nb3 Nf6 6. Nc3 Qe5 7. Be2 (7. g3 Bg4 8. Be2 Bh3 9. a3 Nc6 10. d3 O-O-O 11.
Bf4 Qe6 12. Be3 exd3 13. cxd3 Ne5 14. Qc2 Bg2 15. Rg1 Nf3+ 16. Bxf3 Bxf3 17.
Nb5 Qd7 18. N5d4 Bh5 19. Kd2 Kb8 20. Na5 c5 21. Ndb3 Ne4+ {
Delorme,S (1580)-Lembeye,M (1980) Sautron 2005 0-1 (34)}) 7... Bd6 (7... c6 8.
d4 exd3 9. cxd3 Bd6 10. d4 Qe7 11. O-O O-O 12. Bg5 Be6 13. Bxf6 Qxf6 14. Bf3
Rd8 15. Ne4 Qe7 16. Re1 Nd7 17. Rc1 Rac8 18. Nc3 Nf6 19. g3 Qd7 20. Nc5 Bxc5
21. dxc5 Qe7 22. Qa4 {Romero,L-Podesta,D (2200) Buenos Aires 2000 0-1 (46)}) 8.
d4 exd3 9. Qxd3 O-O $146 (9... Bf5 10. Qb5+ Qxb5 11. Bxb5+ c6 12. Nd4 Bd7 13.
Bd3 c5 14. Nf5 Bxf5 15. Bxf5 O-O 16. Be3 Re8 17. O-O-O Be7 18. Nb5 Rd8 19. Nc7
Rxd1+ 20. Rxd1 g6 21. Bh3 Ne4 22. Nxa8 Nc6 {
1-0 (22) Egorova,I-Chernyshova,N Russia 2004}) 10. Be3 Re8 (10... Nc6 11. O-O-O
$15) 11. O-O-O $11 Ng4 12. Bxg4 (12. Bd4 Qf4+ 13. Kb1 Nc6 $11) 12... Bxg4 $15
13. Rde1 Nc6 14. Qb5 Bb4 (14... a6 15. Qxe5 Bxe5 16. f3 $17) 15. Qxe5 Nxe5 16.
Bf4 Bxc3 17. bxc3 Nc4 18. Bxc7 Be2 (18... f6 19. Bg3 $11) 19. Nd4 (19. f3 $5
Re7 20. Bg3 $14) 19... Bh5 $11 20. f3 Rac8 21. Bg3 h6 22. Rxe8+ Rxe8 23. Re1
Rxe1+ 24. Bxe1 Ne3 25. g4 Bg6 26. Kb2 (26. Nb5 a6 (26... Bxc2 $143 27. Kd2 Ba4
28. Nd6 $16 (28. Kxe3 $6 Bxb5 29. f4 f6 $11)) (26... Nxc2 $143 27. Bf2 Bd3 28.
Nd6 $16) 27. Nd6 b5 $11 (27... Nxc2 $2 28. Bd2 $18)) 26... Nf1 (26... f6 27. c4
$11) 27. h3 Nh2 $4 (27... Ne3 $142 $14) 28. Kb3 (28. Bf2 a6 $18) 28... f6 (
28... f5 29. Nxf5 Bf7+ 30. Kb4 Nxf3 31. Bf2 $16) 29. c4 Nf1 (29... h5 30. Bd2
$18) 30. Kc3 (30. Nf5 Nh2 31. f4 h5 32. Ne7+ Kh7 33. gxh5 Bxh5 $18) 30... Ne3
$2 (30... h5 $142 $18) 31. Bd2 Nd1+ 32. Kb4 Nf2 (32... Kf8 33. a4 Nf2 34. a5
$18) 33. h4 Nh3 (33... h5 34. Be3 Nd1 35. Bg1 $18) 34. Be3 h5 35. a4 a6 (35...
hxg4 36. fxg4 Be4 $18) 36. Ka5 hxg4 37. fxg4 Be4 (37... Be8 38. c5 $18) 38. Kb6
g5 39. hxg5 Nxg5 (39... fxg5 40. Nf5 Nf4 41. a5 $18) 40. c3 (40. Bxg5 $142 fxg5
41. c5 $18) 40... Kf7 (40... Nf7 41. Nf5 Bf3 42. c5 $18) 41. c5 Ne6 42. c6 (42.
Nf5 Bc6 43. Nd6+ Kg6 $18) 42... bxc6 43. Nxc6 f5 $4 (43... Bf3 44. a5 Ke8 $18)
44. gxf5 Bxf5 (44... Nf8 45. Nb4 $18) 45. Kxa6 Nc7+ (45... Ke8 46. Kb6 Kd7 $18)
46. Kb7 Nd5 47. Bd4 Be4 48. Kb8 Ke6 49. Nb4 (49. c4 $142 Nf4 50. Kc7 $18) 49...
Kd6 (49... Nxb4 50. cxb4 Kd5 51. Bc5 $11) 50. Nxd5 (50. Na6 $5 $14) 50... Bxd5
$11 51. a5 Bc4 52. Kb7 Bd5+ 53. Kb6 Kd7 54. a6 Kc8 55. Be5 Ba8 56. c4 Kd7 $4 (
56... Be4 $142 $11) 57. Ka7 Bc6 58. Kb8 Be4 59. a7 Ke6 60. Bd4 Kd6 61. a8=Q
Bxa8 62. Kxa8 Kc7 63. Ka7 Kc8 64. Kb6 Kb8 65. c5 Ka8 66. Kc7 Ka7 67. c6+ Ka8
68. Kd8 1-0